Safety and security at sea : a guide to safer voyages (Record no. 68040)

000 -LEADER
fixed length control field 00443nam a22001697a 4500
003 - CONTROL NUMBER IDENTIFIER
control field NUST - PNEC
005 - DATE AND TIME OF LATEST TRANSACTION
control field 20170116181039.0
008 - FIXED-LENGTH DATA ELEMENTS--GENERAL INFORMATION
fixed length control field 150921b xxu||||| |||| 00| 0 eng d
020 ## - INTERNATIONAL STANDARD BOOK NUMBER
International Standard Book Number 0750647744
040 ## - CATALOGING SOURCE
Transcribing agency LIBRARY
082 ## - DEWEY DECIMAL CLASSIFICATION NUMBER
Classification number 623.88 BIS
100 ## - MAIN ENTRY--PERSONAL NAME
9 (RLIN) 11539
Personal name Bist, D. S.
245 ## - TITLE STATEMENT
Title Safety and security at sea : a guide to safer voyages
Statement of responsibility, etc. D. S. Bist
260 ## - PUBLICATION, DISTRIBUTION, ETC.
Date of publication, distribution, etc. 2000
650 ## - SUBJECT ADDED ENTRY--TOPICAL TERM
9 (RLIN) 11540
Topical term or geographic name entry element Ocean travel
General subdivision EL, ME
942 ## - ADDED ENTRY ELEMENTS (KOHA)
Source of classification or shelving scheme
Koha item type Book
Holdings
Withdrawn status Lost status Source of classification or shelving scheme Damaged status Not for loan Permanent Location Current Location Shelving location Date acquired Total Checkouts Full call number Barcode Date last seen Price effective from Koha item type
          Pakistan Navy Engineering College (PNEC) Pakistan Navy Engineering College (PNEC)       623.88 BIS PNECLIB-027969 09/21/2015   Book
© 2023 Central Library, National University of Sciences and Technology. All Rights Reserved.